| 000 | 01032nam a2200301Ia 4500 | ||
|---|---|---|---|
| 001 | Z_5180 | ||
| 003 | CHAP | ||
| 008 | 220113s2004 xx 000 0 und d | ||
| 010 | _a168240 | ||
| 040 | _cCHAP | ||
| 090 | _aTesis J56 1828 | ||
| 100 |
_aJiménez Hernández, Juan Antonio _961547 |
||
| 245 |
_aEfecto de un B-Agonista (Clorhidrato de Clenbuterol) en la producción y consumo de carne bovina / _cpor Juan Antonio Jiménez Hernández |
||
| 260 |
_aChapingo,México : _bEl autor, _c2004 |
||
| 300 | _a78 h. | ||
| 502 | _aTesis (Ingeniero Agrónomo Especialista en Zootecnia) -- UACh,2004/Dirección:Gilberto Aranda Osorio;asesoría:Carlos Sánchez del Real y Maximino Huerta Bravo | ||
| 650 |
_aCarne de res _xConsumo _919194 |
||
| 650 |
_aCarne de res _xControl _919199 |
||
| 650 |
_aCarne de res _xProducción _919222 |
||
| 650 |
_aClenbuterol _923784 |
||
| 650 |
_aGanado vacuno _xEngorda _945461 |
||
| 901 | _aTESIS J56 1828 | ||
| 902 | _aM | ||
| 910 | _a2004 | ||
| 942 | _c2 | ||
| 942 | _c2 | ||
| 999 |
_c168240 _d168240 |
||